00914nam a2200241Ia 450000100060000000300090000600800410001504000130005604000130006904100130008210000230009510000290011824501010014724500650024825000110031326000090032426000080033326000490034130000550039050001540044565000420059965000310064176978IT-RoPAU130308s9999 xx 000 0 und d aIT-RoPAU cIT-RoPAU aITALIANO aStefanizzi Antonio gCodice Aut. SPICS: 14710 aNuove tecnologie della comunicazione e il loro impatto sulla cultura e sulla vita dell'uomo (Le) bDomanda di Educazione e nuove tecnologie della Comunicazione a1a ed. aROMA bLas c1987 [1° Ed.:1987 - Ed.Ling.Originale:1987] a"7 p. (prefazione: no ; testo: 7 [pagine: 21-27])" aComunicazioni via satellite innovazioni nelle reti delle Telecomunicazioniiniziative delle nazioni Unite Interventi di Altri Organismi Internazionali aEDUCAZIONE ALLA COMUNICAZIONE SOCIALE eCodice materia Spics: 3812